Suomen perhoslajeja - Statistics

Yleistilastot
  • Tätä visaa on pelattu 53 kertaa
  • Keskiarvotulos 7 / 14
Vastaustilastot
Kuvavisa Vastaus % Oikein
Sitruunaperhonen
90%
Ritariperhonen
81%
Nokkosperhonen
79%
Suruvaippa
71%
Lanttuperhonen
69%
Neitoperhonen
69%
Amiraali
60%
Kangassinisiipi
60%
Isoapollo
42%
Auroraperhonen
29%
Kangasperhonen
29%
Ohdakeperhonen
17%
Tesmaperhonen
15%
Angervohopeatäplä
10%
Ehtoja vastaavia visoja ei löytynyt
Tulosjakauma
Jokaisen tuloksen saaneiden osuus
Persentiili vastausten määrän mukaan
Tuloshistoriasi
Et ole pelannut tätä visaa